00496nam a22001697a 450000500170000001000140001702000260003103500130005703700130007008200100008310000150009324500820010826000310019027000610022130000250028250000190030720100728152855.0 aENG-97216 a9780415483209c745.00 aEN-80749 bDBAD/PUB a954.7 aNanda, B R aRoad to Pakistan :bthe life and times of Mohammad Ali Jinnah /cby B R Nanda aNew DelhibRoutledgec2010 a912 Tolstoy House, 15-17 Tolstoy MargbNew Delhie110001 avi, 373p.c22cm (Hb) aincludes index